| 000 | 00492nam a2200169Ia 4500 | ||
|---|---|---|---|
| 008 | 230711s9999||||xx |||||||||||||| ||und|| | ||
| 041 | _aENG | ||
| 082 |
_a720 _bHA-T |
||
| 100 | _aBryan Bunch | ||
| 245 | 4 | _aThe timetables of science : A chronology of the most important people and events in the history of science | |
| 250 | _a1st Ed. | ||
| 260 |
_c1988 _aNew Delhi _bSimon & Schuster |
||
| 300 | _a656 | ||
| 650 | _aGENERAL ENGINEERING | ||
| 700 | _a Alexander Hellemans | ||
| 942 | _cBK | ||
| 999 |
_c1763 _d1763 |
||